000 00478nam a22001457a 4500
005 20251203104142.0
008 251203b |||||||| |||| 00| 0 eng d
020 _a9789787947623
100 _aPandang Yamsat and Daniel Cirman.
_d2022
245 _aThe New Political Conscience for the church
_cyamsat pandang and Daniel Cirman
260 _ajos;
_bHallel and partners publishing group
_cNov.2022
300 _aviii;157.
_c23cm
942 _2ddc
_cBK
_n0
949 _akku library services.
999 _c96
_d96